| 000 | 01328nam a22002777 4500 | ||
|---|---|---|---|
| 999 |
_c815 _d815 |
||
| 003 | AR-BaISA | ||
| 005 | 20240422144113.0 | ||
| 007 | ta | ||
| 008 | 220330s2019 ag a|||f |||| 000 0 spa d | ||
| 020 | _a9789875386488 | ||
| 040 |
_bspa _cAR-BaISA |
||
| 082 | 0 | 4 |
_222 _a387.17 G519 |
| 100 | 1 |
_91914 _aGlozman, Mara |
|
| 245 | 1 | 0 |
_aManual para estudiar textos académicos: _bprácticas, conceptos y métodos en los procesos de lectura y escritura / _cMara Glozman y Karina Savio |
| 260 |
_aBuenos Aires: _bNoveduc, _c2019 |
||
| 300 |
_a244 p.: _bil. |
||
| 490 | 1 |
_aUniversidad _v; 21 |
|
| 500 | _aPrólogo escrito por Elvira Narvaja de Arnoux. | ||
| 505 |
_tCONCEPTOS INTRODUCTORIOS: _tLa lectura y la escritura en los procesos de estudio -- _tEl enuncidador y el enunciatario -- _tLa polifonía -- _tSECUENCIAS TEXTUALES: _tLas secuencias expositivas y las secuencias explicativas -- _tLas secuencias argumentativas -- _tPRÁCTICAS DE LECTURA Y ESCRITURA ACADÉMICAS: _tLeer para estudiar -- _tComplementación y confrontación de fuentes -- _tLa tarea de escribir |
||
| 650 | 1 | 4 |
_91918 _aPublicaciones académicas _vanálisis literario |
| 650 | 1 | 0 |
_969 _aAprendizaje |
| 700 | 1 |
_91915 _aSavio, Karina _eaut. |
|
| 700 | 1 |
_91462 _aNarvaja de Arnoux, Elvira _epro. |
|
| 830 |
_aUniversidad (Noveduc) _v21 _91186 |
||
| 942 |
_2ddc _cLI _e22 |
||